00709 2200277 4500001002100000005001500021035002000036007000300056040001700059100002100076245006200097250001000159300003100169020001800200041000800218082000800226084002000234090001400254264007600268336001500344337001300359338001500372650001200387850001000399990002200409INLIS00000000001419620260525115431 a0010-0526000046ta aSBPUPADbind aMelawan Korupsi: aMelawan Korupsi Dari Aceh Sampai Papua /cMelawan Korupsi aCet.1 a226 hjlm :billus ;c15 cm a979-99791-8-8 bind a324 2[23]a324 MEL m a324 MEL m aJakarta :bKementrian bagi pebaruan tata pemerintah di indonesia,c2006 2rdacontent 2rdamedia 2rdacarrier aKorupsi aPUPAD a39.402/S/DPK/2025